[Event "Novokuznetsk SFO-ch U15"]
[Site "Novokuznetsk"]
[Date "2014.11.06"]
[Round "5"]
[White "Kalachev, Ivan"]
[Black "Pavlutskiy, Andrey"]
[Result "1-0"]
[WhiteElo "1880"]
[BlackElo "800"]
[PlyCount "69"]
[EventDate "2014.11.02"]
[EventType "swiss"]
[EventRounds "9"]
[EventCountry "RUS"]
[SourceTitle "CBM 163 Extra"]
[Source "ChessBase"]
[SourceDate "2014.12.23"]
[SourceVersion "1"]
[SourceVersionDate "2014.12.23"]
[SourceQuality "1"]

1. Nf3 Nf6 2. b3 d5 3. Bb2 Nc6 4. e3 Bf5 5. a3 h6 6. c4 dxc4 7. Bxc4 e6 8. 0-0 Bd6 9. Nc3 0-0 10. b4 a6 11. Rc1 b5 12. Bb3 Na7 13. d4 Qe7 14. Qe2 a5 15. e4 axb4 16. axb4 Nxe4 17. Nxe4 Bxb4 18. Ng3 Bh7 19. d5 Bd6 20. dxe6 f6 21. Nd4 c5 22. Ndf5 Qc7 23. e7+ c4 24. exf8Q+ Rxf8 25. Qe6+ Kh8 26. Nxd6 Bg8 27. Qg4 Qxd6 28. Bc2 Qc6 29. Nf5 g5 30. Qh5 Bh7 31. Qxh6 Rf7 32. Rcd1 Qc7 33. Rfe1 c3 34. Re8+ Rf8 35. Rxf8# 1-0

[Event "Novokuznetsk SFO-ch U15"]
[Site "Novokuznetsk"]
[Date "2014.11.03"]
[Round "2"]
[White "Sultanov, Mirgurban"]
[Black "Kalachev, Ivan"]
[Result "1/2-1/2"]
[WhiteElo "1756"]
[BlackElo "1880"]
[PlyCount "84"]
[EventDate "2014.11.02"]
[EventType "swiss"]
[EventRounds "9"]
[EventCountry "RUS"]
[SourceTitle "CBM 163 Extra"]
[Source "ChessBase"]
[SourceDate "2014.12.23"]
[SourceVersion "1"]
[SourceVersionDate "2014.12.23"]
[SourceQuality "1"]

1. d4 Nf6 2. Nf3 b6 3. c4 Bb7 4. Nc3 e6 5. g3 d5 6. Bg2 dxc4 7. Qa4+ Nbd7 8. Qxc4 c5 9. 0-0 Be7 10. Bf4 0-0 11. Rfd1 Rc8 12. Ne5 Bxg2 13. Kxg2 cxd4 14. Qxd4 Nxe5 15. Qxe5 Qe8 16. Kg1 Qc6 17. Rac1 Qb7 18. h3 Rc5 19. Qe3 Rfc8 20. Bg5 Ng4 21. hxg4 Bxg5 22. f4 Be7 23. Qd3 h6 24. Qd7 R5c7 25. Qa4 Bc5+ 26. Kh2 Be3 27. Rb1 Rc4 28. Rd7 Rxa4 29. Rxb7 Rb4 30. a3 Rb3 31. Ne4 Rc2 32. Rxa7 Rxe2+ 33. Kh3 Rbxb2 34. Rxb2 Rxb2 35. g5 h5 36. g6 fxg6 37. Ng5 Kf8 38. Nxe6+ Ke8 39. Nxg7+ Kd8 40. Ne6+ Kc8 41. Rc7+ Kb8 42. Rc3 Bg1 1/2-1/2

[Event "Novokuznetsk SFO-ch U15"]
[Site "Novokuznetsk"]
[Date "2014.11.02"]
[Round "1"]
[White "Kalachev, Ivan"]
[Black "Dashdorzh, Dashanima"]
[Result "1-0"]
[WhiteElo "1880"]
[BlackElo "800"]
[PlyCount "79"]
[EventDate "2014.11.02"]
[EventType "swiss"]
[EventRounds "9"]
[EventCountry "RUS"]
[SourceTitle "CBM 163 Extra"]
[Source "ChessBase"]
[SourceDate "2014.12.23"]
[SourceVersion "1"]
[SourceVersionDate "2014.12.23"]
[SourceQuality "1"]

1. e4 c5 2. Nc3 e6 3. Nf3 Be7 4. d4 cxd4 5. Nxd4 a6 6. Be3 Qc7 7. Be2 Nf6 8. 0-0 b6 9. f4 d6 10. Bf3 Bb7 11. Qd2 0-0 12. Rae1 Nbd7 13. Kh1 Rac8 14. g3 Rfe8 15. Qg2 Qb8 16. Rd1 h6 17. Rfe1 Qc7 18. g4 Nh7 19. Nde2 Ndf8 20. Qf2 Nd7 21. h4 e5 22. f5 Qd8 23. Ng3 Bxh4 24. Rxd6 Bxg3 25. Qxg3 Rc6 26. Rd2 Qe7 27. Red1 Ndf6 28. a3 b5 29. g5 hxg5 30. Bxg5 Nxg5 31. Qxg5 Rc4 32. Rg2 Qf8 33. Rdg1 Nxe4 34. Bxe4 Bxe4 35. Nxe4 Rc6 36. Nf6+ Rxf6 37. Qxf6 g6 38. fxg6 Qh6+ 39. Rh2 Qxh2+ 40. Kxh2 1-0